000 00885nam a22002297a 4500
999 _c5033
_d5033
003 AR-CdUCM
008 190311b ||||| |||| 00| 0 spa d
020 _a84-300-7416-3
040 _aMUNICIPALIDAD PROVINCIAL DEL CUSCO
_cBIBLIOTECA MUNICIPAL DEL CUSCO
082 _a946.4 /
_bG22
100 _aGarcía Gil, Octavio
_915371
245 _aOropesa :
_bseñorío y condado /
260 _aOropesa (Toledo) :
_bAndrés Fernández Arroyo,
_c1982.
300 _a223 páginas ;
_bretratos, ilustraciones, planos,
_c21 cm.
505 _aContenido: Historia fabulosa -- Primeros hechos históricos -- Los judíos en Oropesa -- Bajo el dominio árabe -- La reconquista -- Primer señorío de Oropesa ...
650 _aOropesa
_915372
650 _aHistoria
_9136
650 _aConde
_915373
700 _aFernández Arroyo, Andrés (coautor)
_915374
942 _2ddc
_cLIBROS
945 _aachl